| 000 | 00616 a2200205 4500 | ||
|---|---|---|---|
| 041 | _aEng. | ||
| 082 |
_a332 _bW465f _cG. |
||
| 100 |
_aWelshans, Merle T. _93236 |
||
| 245 |
_aFinance _ban introduction to financeial markets and institutions |
||
| 260 |
_aCincinnati _bShout-Western pub. _c1980 |
||
| 300 | _aviii,550p; illus | ||
| 504 | _abibliography at the end of each chapter | ||
| 650 |
_aFinance _92208 |
||
| 650 |
_aFinancial institutions _93237 |
||
| 650 |
_aFinancial markets _93238 |
||
| 650 |
_aConsumers _92813 |
||
| 650 |
_aBusiness policy _93239 |
||
| 653 | _aFinancial economics | ||
| 942 |
_2ddc _cGEN |
||
| 999 |
_c48259 _d48258 |
||